Les 30 Brésiliens les + chers de l'histoire - Statistiques

Statistiques générales
  • Ce quiz a été pris 102 fois
    16 depuis la dernière actualisation
  • Le résultat moyen est 22 sur 30
Statistiques - réponses
# Saison De Vers Valeur du transfert Poste Réponse % Correct
9 22/23 Real Madrid CF Manchester United 70 650 000 € M Casemiro
93%
1 17/18 FC Barcelona Paris Saint-Germain 222 000 000 € A Neymar
93%
4 23/24 Paris Saint-Germain Al-Hilal Saudi Club 90 000 000 € A Neymar
93%
5 13/14 Santos FC FC Barcelona 88 000 000 € A Neymar
93%
30 18/19 CR Flamengo Real Madrid CF 45 000 000 € A Vinicius Junior
93%
8 18/19 AS Roma Liverpool FC 72 500 000 € G Alisson
86%
27 23/24 Liverpool FC Al-Ittihad FC 46 700 000 € M Fabinho
86%
29 18/19 AS Monaco Liverpool FC 45 000 000 € M Fabinho
86%
10 09/10 AC Milan Real Madrid CF 67 000 000 € M Kaká
86%
2 17/18 Liverpool FC FC Barcelona 135 000 000 € A Philippe Coutinho
86%
16 22/23 Leeds United FC FC Barcelona 58 000 000 € A Raphinha
86%
28 19/20 Santos FC Real Madrid FC 45 000 000 € A Rodrygo
86%
3 22/23 AFC Ajax Manchester United 95 000 000 € A Antony
79%
6 20/21 FC Barcelona Juventus 80 600 000 € M Arthur Melo
79%
24 14/15 Chelsea FC Paris Saint-Germain 49 500 000 € D David Luiz
79%
14 18/19 FC Shakhtar Donetsk Manchester United 59 000 000 € M Fred
79%
7 25/26 Wolverhampton Wanderers Manchester United 74 200 000 € A Matheus Cunha
79%
21 23/24 Atlético de Madrid Wolverhampton Wanderers 50 000 000 € A Matheus Cunha
79%
13 16/17 Chelsea FC Shanghai SIPG 60 000 000 € M Oscar
79%
15 22/23 Everton FC Tottenham Hotspur 58 000 000 € A Richarlison
79%
19 24/25 Aston Villa FC Juventus 51 500 000 € M Douglas Luiz
71%
22 19/20 FC Porto Real Madrid CF 50 000 000 € D Éder Militão
71%
25 24/25 SE Palmeiras Real Madrid CF 47 500 000 € A Endrick
71%
18 22/23 Manchester City Arsenal FC 52 200 000 € A Gabriel Jesus
71%
11 25/26 Brighton & Hove Albion Chelsea FC 63 700 000 € A João Pedro
64%
26 22/23 Torino FC Juventus 46 900 000 € D Bremer
57%
12 23/24 FC Zenit SPB Al-Hilal Saudi Club 60 000 000 € M Malcom
57%
17 16/17 FC Zenit SPB Shanghai SIPG 56 000 000 € A Hulk
50%
23 15/16 FC Shakhtar Donetsk Jiangsu FC 50 000 000 € A Alex Teixeira
14%
20 24/25 FC Porto Al Ahli Saudi Club 50 000 000 € A Galeno
14%
Aucun quiz correspondant
Distribution des résultats
% des personnes avec chaque résultat
Percentile par nombre de réponses
Votre historique - résultats
Vous n’avez pas pris ce quiz depuis la dernière actualisation